000 00412nam a2200181Ia 4500
001 1333
005 20260306143721.0
008 260306t1990||||xx |||||||||||||| ||spa||
041 _aESP
082 _a194
_bM88 T. 3
100 _aMounier, Emmanuel
_eAUT
245 0 _aObras (1944-1950)
260 _c1990
300 _a755 páginas :
_c22 cm.
650 _aGEN
654 _aCHU
942 _cLIB
_dJUS
_fJUS
_2ddc
_n
999 _c1333
_d1333